[Event "EU-chT Seniors 65"]
[Site "Dresden"]
[Date "2022.11.04"]
[Round "9.4"]
[White "Voermans, Adri"]
[Black "Britton, Richard"]
[Result "0-1"]
[WhiteElo "1830"]
[BlackElo "2132"]
[PlyCount "56"]
[EventDate "2022.10.27"]
[EventType "team-swiss"]
[EventRounds "9"]
[EventCountry "GER"]
[SourceTitle "EXT 2024"]
[Source "ChessBase"]
[SourceDate "2023.10.10"]
[SourceVersion "1"]
[SourceVersionDate "2023.10.10"]
[SourceQuality "1"]
[WhiteTeam "Koninklijke DD 65"]
[BlackTeam "England 65"]
[WhiteTeamCountry "NED"]
[BlackTeamCountry "ENG"]

1. d4 Nf6 2. c4 e6 3. Nc3 Bb4 4. e3 b6 5. Nf3 Bb7 6. Be2 Ne4 7. Qc2 Bxc3+ 8. bxc3 0-0 9. 0-0 f5 10. Nd2 Nxd2 11. Qxd2 d6 12. f4 Nd7 13. Bf3 Qc8 14. g3 Bxf3 15. Rxf3 Nf6 16. Bb2 Qa6 17. d5 Qxc4 18. dxe6 Rfe8 19. Qd4 Qc6 20. Rf2 Rxe6 21. c4 Rae8 22. Re1 R8e7 23. Rfe2 Kf7 24. h3 Qf3 25. Kh2 Ng4+ 26. Kg1 Qxg3+ 27. Kh1 Qxh3+ 28. Kg1 Qg3+ 0-1

[Event "Hessen-ch Seniors op 10th"]
[Site "Bad Sooden-Allendorf"]
[Date "2014.05.04"]
[Round "9"]
[White "Voermans, Adri"]
[Black "Bars, Joachim"]
[Result "1-0"]
[WhiteElo "1869"]
[BlackElo "1969"]
[PlyCount "59"]
[EventDate "2014.04.26"]
[EventType "swiss"]
[EventRounds "9"]
[EventCountry "GER"]
[SourceTitle "EXT 2018"]
[Source "ChessBase"]
[SourceDate "2017.10.13"]
[SourceVersion "1"]
[SourceVersionDate "2017.10.13"]
[SourceQuality "1"]

1. d4 Nf6 2. c4 e6 3. Nc3 Bb4 4. Qc2 c5 5. e3 d5 6. a3 cxd4 7. exd4 Bxc3+ 8. bxc3 Bd7 9. Nf3 Qa5 10. Ne5 Ba4 11. Qb2 Nbd7 12. Nxd7 Nxd7 13. Qb4 Qxb4 14. axb4 Bb3 15. c5 0-0 16. Bf4 a6 17. Bd3 Rfc8 18. 0-0 b5 19. Rfe1 Nf6 20. Be5 Ne8 21. h4 g6 22. g4 f6 23. Bg3 Kg7 24. f3 Rc6 25. Bxb5 Rcc8 26. Bxa6 Rd8 27. Bb7 Rxa1 28. Rxa1 Rd7 29. c6 Re7 30. b5 1-0

[Event "Liberec op 13th"]
[Site "Liberec"]
[Date "2012.10.27"]
[Round "9"]
[White "Mraz, Pavel"]
[Black "Voermans, Adri"]
[Result "1-0"]
[WhiteElo "1773"]
[BlackElo "1911"]
[PlyCount "66"]
[EventDate "2012.10.20"]
[EventType "swiss"]
[EventRounds "9"]
[EventCountry "CZE"]
[SourceTitle "EXT 2013"]
[Source "ChessBase"]
[SourceDate "2012.11.22"]
[SourceVersion "1"]
[SourceVersionDate "2012.11.22"]
[SourceQuality "1"]

1. Nf3 Nf6 2. d4 g6 3. c4 Bg7 4. Nc3 d5 5. e3 0-0 6. cxd5 Nxd5 7. Bc4 Nxc3 8. bxc3 c5 9. 0-0 Nc6 10. Qc2 Na5 11. Be2 c4 12. e4 Qc7 13. g3 b5 14. Rd1 Bg4 15. Nh4 Bh3 16. Bf3 Rac8 17. e5 Qd7 18. Qe2 Nc6 19. Rb1 a6 20. Bf4 Bf5 21. Nxf5 gxf5 22. Qe3 e6 23. d5 exd5 24. Rxd5 Qe6 25. Rbd1 Qe8 26. h4 Ne7 27. Rd6 Ng6 28. e6 f6 29. Bd5 Nxf4 30. Qxf4 Qe7 31. Rd7 Qe8 32. e7+ Rf7 33. Qd6 Kh8 1-0

[Event "Hessen-ch Seniors op 08th"]
[Site "Bad Sooden-Allendorf"]
[Date "2012.04.20"]
[Round "7"]
[White "Jung, Michael"]
[Black "Voermans, Adri"]
[Result "0-1"]
[WhiteElo "1824"]
[BlackElo "1883"]
[PlyCount "21"]
[EventDate "2012.04.14"]
[EventType "swiss"]
[EventRounds "9"]
[EventCountry "GER"]
[SourceTitle "EXT 2019"]
[Source "ChessBase"]
[SourceDate "2018.10.10"]
[SourceVersion "1"]
[SourceVersionDate "2018.10.10"]
[SourceQuality "1"]

1. c4 Nf6 2. Nc3 g6 3. g3 c6 4. Bg2 Bg7 5. e4 d6 6. Nge2 Nbd7 7. 0-0 0-0 8. d3 a6 9. Be3 Ng4 10. h3 Nge5 11. Bf4 0-1

[Event "Hessen-ch Seniors op 08th"]
[Site "Bad Sooden-Allendorf"]
[Date "2012.04.17"]
[Round "4"]
[White "Zunker, Reinhard"]
[Black "Voermans, Adri"]
[Result "1-0"]
[WhiteElo "2177"]
[BlackElo "1883"]
[PlyCount "51"]
[EventDate "2012.04.14"]
[EventType "swiss"]
[EventRounds "9"]
[EventCountry "GER"]
[SourceTitle "EXT 2019"]
[Source "ChessBase"]
[SourceDate "2018.10.10"]
[SourceVersion "1"]
[SourceVersionDate "2018.10.10"]
[SourceQuality "1"]

1. e4 c5 2. Nf3 e6 3. Nc3 d6 4. b3 g6 5. Bb2 Bg7 6. Qe2 Ne7 7. 0-0-0 Nbc6 8. Kb1 0-0 9. Na4 Nd4 10. Qe3 b5 11. Nc3 Qb6 12. Ne2 Nec6 13. c3 Nxf3 14. gxf3 a5 15. Nc1 d5 16. h4 d4 17. Qf4 e5 18. Qg3 b4 19. h5 Ne7 20. hxg6 Qxg6 21. Qh4 Bf6 22. Qh2 Bg7 23. Bc4 h6 24. Rdg1 Qh7 25. Qxh6 Qxh6 26. Rxh6 1-0

[Event "Groningen Compact op-B"]
[Site "Groningen"]
[Date "2008.12.28"]
[Round "3"]
[White "Voermans, Adri"]
[Black "Smits, Peter"]
[Result "1-0"]
[WhiteElo "1771"]
[BlackElo "1742"]
[PlyCount "43"]
[EventDate "2008.12.26"]
[EventType "swiss"]
[EventRounds "5"]
[EventCountry "NED"]
[SourceTitle "CBM 127 Extra"]
[Source "ChessBase"]
[SourceDate "2009.01.08"]
[SourceVersion "2"]
[SourceVersionDate "2009.01.28"]
[SourceQuality "1"]

1. d4 Nf6 2. c4 e6 3. Nc3 d5 4. Nf3 c6 5. e3 Nbd7 6. Qc2 Bd6 7. g4 dxc4 8. g5 Nd5 9. Bxc4 Nxc3 10. Qxc3 Qe7 11. Bd2 e5 12. 0-0-0 b5 13. Bb3 Bb7 14. e4 b4 15. Qd3 a5 16. dxe5 Bxe5 17. Nxe5 Nxe5 18. Qc2 Ba6 19. Bf4 a4 20. Bxe5 axb3 21. Qxc6+ Kf8 22. Qxa8+ 1-0

[Event "Arco op 29th"]
[Site "Arco"]
[Date "2007.10.23"]
[Round "4"]
[White "Burani, Eugenio"]
[Black "Voermans, Adri"]
[Result "1/2-1/2"]
[WhiteElo "2017"]
[BlackElo "1887"]
[PlyCount "70"]
[EventDate "2007.10.20"]
[EventType "swiss"]
[EventRounds "9"]
[EventCountry "ITA"]
[SourceTitle "CBM 120 Extra"]
[Source "ChessBase"]
[SourceDate "2007.11.01"]
[SourceVersion "1"]
[SourceVersionDate "2007.11.01"]
[SourceQuality "1"]

1. e4 c5 2. Nf3 d6 3. d4 cxd4 4. Nxd4 Nc6 5. c4 Nf6 6. Nc3 a6 7. Be2 e5 8. Nf3 Be7 9. h3 0-0 10. Be3 Be6 11. 0-0 Qd7 12. Qd2 Bd8 13. Rad1 Ba5 14. Bd3 Nb4 15. a3 Nxd3 16. Qxd3 Bxc3 17. bxc3 Rac8 18. Qxd6 Qxd6 19. Rxd6 Nxe4 20. Rb6 Nxc3 21. Nxe5 Bxc4 22. Nxc4 Rxc4 23. Rxb7 Ra4 24. Bc5 Rc8 25. Re1 Re4 26. Rxe4 Nxe4 27. Bb4 h6 28. f3 Nf6 29. Ra7 Rc4 30. Kh2 Nd5 31. Ra8+ Kh7 32. Bf8 Ne3 33. Re8 Nc2 34. Ra8 Ne3 35. Re8 Nc2 1/2-1/2

[Event "Arco op 29th"]
[Site "Arco"]
[Date "2007.10.20"]
[Round "1"]
[White "Voermans, Adri"]
[Black "Prakken, Gerrit"]
[Result "0-1"]
[WhiteElo "1887"]
[BlackElo "2217"]
[PlyCount "94"]
[EventDate "2007.10.20"]
[EventType "swiss"]
[EventRounds "9"]
[EventCountry "ITA"]
[SourceTitle "CBM 120 Extra"]
[Source "ChessBase"]
[SourceDate "2007.11.01"]
[SourceVersion "1"]
[SourceVersionDate "2007.11.01"]
[SourceQuality "1"]

1. d4 f5 2. c4 Nf6 3. Nc3 d6 4. g3 g6 5. Bg2 Bg7 6. e4 fxe4 7. Nxe4 Nxe4 8. Bxe4 Nc6 9. Be3 0-0 10. f4 e5 11. dxe5 dxe5 12. Qd5+ Kh8 13. 0-0-0 Qf6 14. fxe5 Nxe5 15. Bd4 Bg4 16. Re1 c6 17. Qxe5 Qxe5 18. Bxe5 Bxe5 19. h3 Bxg3 20. hxg4 Bxe1 21. Bxg6 Kg7 22. Bf5 h6 23. Nf3 Bg3 24. Nd4 Rf6 25. Ne6+ Kf7 26. Rh3 Be5 27. Nc5 Bf4+ 28. Kc2 Rd6 29. Rf3 Bg5 30. Be6+ Ke8 31. Rf2 Be3 32. Bf7+ Ke7 33. Re2 Kxf7 34. Rxe3 Rd4 35. Kc3 Rxg4 36. Nxb7 h5 37. Nd6+ Kf6 38. Rf3+ Kg6 39. Kd3 Rd8 40. c5 Rd7 41. Rf2 h4 42. Ke3 Re7+ 43. Kd3 Re5 44. Rc2 h3 45. Rh2 Rh5 46. Nc4 Rg3+ 47. Kd4 Rh4+ 0-1